| 000 | 00769nam a22002177a 4500 | ||
|---|---|---|---|
| 003 | AM-YeHGA | ||
| 005 | 20250618074954.0 | ||
| 008 | 180822s1955 tk |||||r|||||000|1|rus|| | ||
| 040 | _aAM-YeHGA | ||
| 041 | 0 | _arus | |
| 100 | 1 | _aКовусов, Анна | |
| 245 | 1 | 0 |
_aСтихи / _cАнна Ковусов. |
| 260 |
_aАшхабад : _bТуркменгосиздат, _c1955. |
||
| 300 |
_a95 с. ; _c21 см. |
||
| 505 | 0 | _aЦиклы : Сердце мое с друзьями ; Весна пустыни ; Мой аул. Поэма | |
| 650 | 1 | 4 |
_aХудожественная литература _94918 |
| 650 | 1 | 4 | _aТуркменская литература |
| 650 | 1 | 4 | _aТуркменская поэзия |
| 942 |
_2udc _cBK |
||
| 090 | _c420005 | ||
| 999 |
_c417628 _d417628 |
||